[Event "SVK-ch U14"]
[Site "Tatralandia"]
[Date "2024.04.12"]
[Round "9"]
[White "Cerny, Filip"]
[Black "Brnusak, Simon"]
[Result "1-0"]
[WhiteElo "1643"]
[BlackElo "1500"]
[PlyCount "67"]
[EventDate "2024.04.05"]
[EventType "swiss"]
[EventRounds "9"]
[EventCountry "SVK"]
[SourceTitle "CB16_2024"]
[SourceDate "2024.04.17"]
[SourceVersion "1"]
[SourceVersionDate "2024.04.17"]
[SourceQuality "1"]

1. c4 Nf6 2. Nc3 g6 3. g3 Bg7 4. Bg2 0-0 5. Nf3 d6 6. 0-0 c6 7. d3 Nbd7 8. Bd2 Qc7 9. Rc1 e5 10. b3 Re8 11. Qc2 Nf8 12. Rfe1 Bg4 13. Rb1 Ne6 14. Qc1 Rac8 15. Bh6 a6 16. Bxg7 Kxg7 17. Nd2 Nc5 18. Nde4 Nfxe4 19. Nxe4 Nxe4 20. Bxe4 Be6 21. Qc2 f5 22. Bg2 Rf8 23. e3 Qb6 24. Qb2 Rfe8 25. d4 Kg8 26. dxe5 dxe5 27. Qxe5 Qa7 28. Qd4 c5 29. Qc3 b5 30. e4 b4 31. Qf6 fxe4 32. Rxe4 Bf5 33. Rxe8+ Rxe8 34. Bd5+ 1-0

[Event "SVK-ch U14"]
[Site "Tatralandia"]
[Date "2024.04.11"]
[Round "8"]
[White "Brnusak, Simon"]
[Black "Jursa, Juraj"]
[Result "0-1"]
[WhiteElo "1500"]
[BlackElo "1685"]
[PlyCount "116"]
[EventDate "2024.04.05"]
[EventType "swiss"]
[EventRounds "9"]
[EventCountry "SVK"]
[SourceTitle "CB16_2024"]
[SourceDate "2024.04.17"]
[SourceVersion "1"]
[SourceVersionDate "2024.04.17"]
[SourceQuality "1"]

1. e4 c6 2. d4 d5 3. exd5 cxd5 4. Bd3 Nc6 5. c3 Qc7 6. h3 Nf6 7. Nf3 g6 8. 0-0 Bg7 9. Re1 Bf5 10. Be2 e6 11. Na3 a6 12. Nc2 Bxc2 13. Qxc2 0-0 14. Bd3 b5 15. Bd2 Rfc8 16. Rac1 Qb6 17. Qb1 a5 18. Be3 a4 19. a3 Na5 20. Bc2 Nc4 21. Ne5 Qb7 22. Rcd1 Nd7 23. Nd3 Bf8 24. Bf4 Rc6 25. Ne5 Ndxe5 26. Bxe5 Rac8 27. Bd3 Rb6 28. Qc1 Nxe5 29. Rxe5 Bg7 30. Re2 Bxd4 31. Rc2 Bg7 32. Qe3 Rbc6 33. Qe2 Rc5 34. Rb1 Qc6 35. Rbc1 Bh6 36. Rf1 d4 37. Be4 Qc7 38. Qf3 dxc3 39. bxc3 Rxc3 40. Rxc3 Qxc3 41. Qe2 b4 42. axb4 Qxb4 43. Rb1 Rc1+ 44. Rxc1 Bxc1 45. Qc2 Bb2 46. Qc8+ Kg7 47. Bd3 Qe1+ 48. Bf1 a3 49. Qc2 Qa1 50. g3 a2 51. h4 Qc1 52. Qe2 a1Q 53. h5 gxh5 54. g4 Qxf1+ 55. Qxf1 Qxf1+ 56. Kxf1 hxg4 57. Ke2 h5 58. Ke3 h4 0-1

[Event "SVK-ch U14"]
[Site "Tatralandia"]
[Date "2024.04.10"]
[Round "7"]
[White "Dolnik, Michal"]
[Black "Brnusak, Simon"]
[Result "1-0"]
[WhiteElo "1752"]
[BlackElo "1500"]
[PlyCount "39"]
[EventDate "2024.04.05"]
[EventType "swiss"]
[EventRounds "9"]
[EventCountry "SVK"]
[SourceTitle "CB16_2024"]
[SourceDate "2024.04.17"]
[SourceVersion "1"]
[SourceVersionDate "2024.04.17"]
[SourceQuality "1"]

1. e4 c5 2. Nf3 e6 3. b3 d5 4. exd5 exd5 5. Bb2 Nf6 6. Be2 Be7 7. 0-0 0-0 8. d4 cxd4 9. Nxd4 Nc6 10. Bf3 Re8 11. Re1 Nxd4 12. Qxd4 Be6 13. Nc3 Qd7 14. Rad1 Rad8 15. h3 a6 16. Re5 Bd6 17. Rg5 Bf8 18. Qxf6 g6 19. Nxd5 Bxd5 20. Qh8# 1-0

[Event "SVK-ch U14"]
[Site "Tatralandia"]
[Date "2024.04.09"]
[Round "6"]
[White "Brnusak, Simon"]
[Black "Sekera, Timotej"]
[Result "1-0"]
[WhiteElo "1500"]
[BlackElo "1708"]
[PlyCount "57"]
[EventDate "2024.04.05"]
[EventType "swiss"]
[EventRounds "9"]
[EventCountry "SVK"]
[SourceTitle "CB16_2024"]
[SourceDate "2024.04.17"]
[SourceVersion "1"]
[SourceVersionDate "2024.04.17"]
[SourceQuality "1"]

1. e4 e5 2. Nf3 Nc6 3. Bb5 Nf6 4. Nc3 Bc5 5. 0-0 0-0 6. d3 Re8 7. Bg5 Nd4 8. Nxd4 Bxd4 9. Nd5 c6 10. Nxf6+ gxf6 11. Bh6 f5 12. exf5 Qf6 13. Qg4+ Kh8 14. Bg5 Qg7 15. Qh4 e4 16. c3 f6 17. Bh6 Qe7 18. cxd4 cxb5 19. Rfe1 d5 20. f3 Bxf5 21. dxe4 dxe4 22. fxe4 Bg6 23. Rf1 Bxe4 24. Rxf6 Rg8 25. g3 Qd8 26. Rd1 Qd5 27. Rf4 Bc2 28. Qf6+ Rg7 29. Qxg7# 1-0

[Event "SVK-ch U14"]
[Site "Tatralandia"]
[Date "2024.04.08"]
[Round "5"]
[White "Durovka, Marek"]
[Black "Brnusak, Simon"]
[Result "1-0"]
[WhiteElo "1916"]
[BlackElo "1500"]
[PlyCount "77"]
[EventDate "2024.04.05"]
[EventType "swiss"]
[EventRounds "9"]
[EventCountry "SVK"]
[SourceTitle "CB16_2024"]
[SourceDate "2024.04.17"]
[SourceVersion "1"]
[SourceVersionDate "2024.04.17"]
[SourceQuality "1"]

1. c4 Nf6 2. Nc3 g6 3. g3 Bg7 4. Nf3 0-0 5. Bg2 d6 6. 0-0 c6 7. d4 Nbd7 8. e4 e5 9. Qe2 Qc7 10. Rd1 Re8 11. dxe5 dxe5 12. h3 Nf8 13. Be3 Bd7 14. Bc5 Nh5 15. Bd6 Qc8 16. Kh2 h6 17. Qd2 Be6 18. Nxe5 Bxe5 19. Bxe5 Bxc4 20. Bd4 Kh7 21. g4 Qc7+ 22. e5 Nf6 23. Kg1 Ng8 24. b3 Be6 25. Ne4 Red8 26. Rac1 b6 27. Qb2 Bd5 28. Nd6 Ne6 29. Bxd5 Rxd6 30. exd6 Qxd6 31. Be5 Qe7 32. Bxe6 Qxe6 33. Rd6 Qe7 34. Rcd1 Qh4 35. Kg2 h5 36. Bh8 f6 37. Bxf6 Nxf6 38. Qxf6 Qxf6 39. Rxf6 1-0

[Event "SVK-ch U12"]
[Site "Dudince"]
[Date "2023.04.23"]
[Round "9"]
[White "Veres, Alex"]
[Black "Brnusak, Simon"]
[Result "1/2-1/2"]
[WhiteElo "1306"]
[BlackElo "1185"]
[PlyCount "58"]
[EventDate "2023.04.16"]
[EventType "swiss"]
[EventRounds "9"]
[EventCountry "SVK"]
[SourceTitle "CBM 213 Extra"]
[Source "ChessBase"]
[SourceDate "2023.05.31"]
[SourceVersion "1"]
[SourceVersionDate "2023.05.31"]
[SourceQuality "1"]

1. Nf3 Nf6 2. c4 e6 3. d4 d5 4. cxd5 exd5 5. Bg5 Be7 6. e3 Ne4 7. Bxe7 Qxe7 8. Bd3 Qb4+ 9. Nbd2 Bg4 10. Qc2 Bxf3 11. gxf3 Qxd2+ 12. Qxd2 Nxd2 13. Kxd2 Nc6 14. Bb5 0-0 15. Bxc6 bxc6 16. Rac1 Rab8 17. b3 Rb6 18. Rc2 Re8 19. Rhc1 Re6 20. f4 f5 21. Ke2 Kf7 22. Kf3 Ke7 23. Rc3 Kd7 24. Rg1 g6 25. Rgc1 h6 26. h4 h5 27. Ke2 Kd6 28. Kd3 a5 29. R1c2 Kd7 1/2-1/2

[Event "SVK-ch U12"]
[Site "Dudince"]
[Date "2023.04.18"]
[Round "4"]
[White "Brnusak, Simon"]
[Black "Holecko, Samuel"]
[Result "1-0"]
[WhiteElo "1185"]
[BlackElo "1000"]
[PlyCount "111"]
[EventDate "2023.04.16"]
[EventType "swiss"]
[EventRounds "9"]
[EventCountry "SVK"]
[SourceTitle "CBM 213 Extra"]
[Source "ChessBase"]
[SourceDate "2023.05.31"]
[SourceVersion "1"]
[SourceVersionDate "2023.05.31"]
[SourceQuality "1"]

1. e4 c5 2. Nf3 d6 3. d4 cxd4 4. Nxd4 Nf6 5. Nc3 a6 6. Be3 e5 7. Nf3 Be7 8. Be2 h6 9. 0-0 0-0 10. h3 Be6 11. Qd2 Nbd7 12. Rfd1 Nb6 13. b3 d5 14. Bxb6 Qxb6 15. exd5 Rad8 16. Qe3 Qxe3 17. fxe3 Nxd5 18. Nxd5 Rxd5 19. Rxd5 Bxd5 20. Nxe5 Bf6 21. Rd1 Bxb3 22. cxb3 Bxe5 23. Rd7 Rb8 24. Bc4 b5 25. Bxf7+ Kf8 26. Bg6 Rb6 27. Rd5 Bf4 28. Rf5+ Ke7 29. Rf7+ Kd8 30. Rxf4 Rxg6 31. Rg4 Rxg4 32. hxg4 Ke7 33. Kf2 Ke6 34. Kf3 Ke5 35. e4 g5 36. Ke3 b4 37. Kd3 a5 38. g3 Kd6 39. Kd4 Ke6 40. e5 Ke7 41. Kd5 Kd7 42. Kd4 Ke7 43. Kd5 Kd7 44. e6+ Ke7 45. Ke5 Ke8 46. Kf6 Kf8 47. Kg6 Ke7 48. Kxh6 Kf6 49. e7 Kxe7 50. Kxg5 Kf8 51. Kf6 Kg8 52. g5 Kf8 53. g6 Kg8 54. g7 a4 55. bxa4 b3 56. axb3 1-0

[Event "SVK-ch U12"]
[Site "Stara Lubovna"]
[Date "2022.05.27"]
[Round "8"]
[White "Brnusak, Simon"]
[Black "Ropovik, Samuel"]
[Result "0-1"]
[WhiteElo "1090"]
[BlackElo "1453"]
[PlyCount "90"]
[EventDate "2022.05.21"]
[EventType "swiss"]
[EventRounds "9"]
[EventCountry "SVK"]
[SourceTitle "CBM 208 Extra"]
[Source "ChessBase"]
[SourceDate "2022.07.31"]
[SourceVersion "1"]
[SourceVersionDate "2022.07.31"]
[SourceQuality "1"]

1. e4 c5 2. Nf3 d6 3. d4 cxd4 4. Nxd4 Nf6 5. Nc3 Nc6 6. Be3 e5 7. Nf3 Be7 8. Be2 Be6 9. 0-0 0-0 10. Qd2 d5 11. exd5 Nxd5 12. Nxd5 Bxd5 13. Rfd1 Be6 14. Qc3 Qc7 15. a3 Rac8 16. Rd2 a6 17. h3 b5 18. b4 e4 19. Nd4 Nxd4 20. Bxd4 Qxc3 21. Bxc3 Rxc3 22. Rd4 Rfc8 23. Bd1 Bf6 24. Rxe4 Rxc2 25. Bxc2 Bxa1 26. Bd3 Bf5 27. Re3 Bxd3 28. Rxd3 Be5 29. g3 g6 30. f4 Bb2 31. Kf2 Rc3 32. Rd8+ Kg7 33. Ra8 Rxa3 34. g4 Bc3 35. Kg3 Be1+ 36. Kg2 Bxb4 37. f5 gxf5 38. gxf5 Bc3 39. Kg3 b4 40. h4 h5 41. Rc8 Be5+ 42. Kf2 b3 43. Rc1 b2 44. Rg1+ Kf6 45. Rb1 Ra1 0-1

[Event "SVK-ch U12"]
[Site "Stara Lubovna"]
[Date "2022.05.26"]
[Round "7"]
[White "Brnusak, Simon"]
[Black "Drabek, Matej"]
[Result "1/2-1/2"]
[WhiteElo "1090"]
[BlackElo "1000"]
[PlyCount "62"]
[EventDate "2022.05.21"]
[EventType "swiss"]
[EventRounds "9"]
[EventCountry "SVK"]
[SourceTitle "CBM 208 Extra"]
[Source "ChessBase"]
[SourceDate "2022.07.31"]
[SourceVersion "1"]
[SourceVersionDate "2022.07.31"]
[SourceQuality "1"]

1. e4 e5 2. Nf3 Nc6 3. Bb5 Bc5 4. 0-0 Nf6 5. d3 0-0 6. Bg5 d6 7. h3 h6 8. Bh4 a6 9. Ba4 b5 10. Bb3 Be6 11. c3 g5 12. Bg3 Nh5 13. Bh2 Qf6 14. Nbd2 g4 15. hxg4 Bxg4 16. Bc2 Qg7 17. Kh1 Kh8 18. Qe1 Nf4 19. Bxf4 exf4 20. d4 Qg6 21. Kg1 Rg8 22. Nh4 Qg5 23. f3 Bh3 24. g4 Bxf1 25. Kxf1 Bxd4 26. cxd4 Nxd4 27. Bd3 Nxf3 28. Ndxf3 Qxg4 29. Qf2 Qh3+ 30. Ng2 Qh1+ 31. Ng1 Rg7 1/2-1/2

[Event "SVK-ch U10"]
[Site "Stara Lubovna"]
[Date "2021.07.03"]
[Round "9"]
[White "Brnusak, Simon"]
[Black "Jursa, Juraj"]
[Result "0-1"]
[WhiteElo "1115"]
[BlackElo "1240"]
[PlyCount "86"]
[EventDate "2021.06.26"]
[EventType "swiss"]
[EventRounds "9"]
[EventCountry "SVK"]
[SourceTitle "CBM 203 Extra"]
[Source "ChessBase"]
[SourceDate "2021.09.30"]
[SourceVersion "1"]
[SourceVersionDate "2021.09.30"]
[SourceQuality "1"]

1. c4 e5 2. Nc3 Nf6 3. Nf3 Nc6 4. d4 d6 5. d5 Ne7 6. e4 Bd7 7. Bd3 Rb8 8. Bg5 Ng6 9. 0-0 a6 10. a4 c6 11. dxc6 bxc6 12. b3 h6 13. Bh4 Nf4 14. Rb1 Be7 15. Qd2 d5 16. cxd5 cxd5 17. exd5 N6xd5 18. Nxd5 Nxd5 19. Bxe7 Qxe7 20. Nxe5 0-0 21. Rfe1 Qd6 22. Bc4 Be6 23. Ng6 Rfd8 24. Bxd5 Bxd5 25. Ne7+ Kf8 26. Nf5 Qg6 27. Nh4 Qg4 28. g3 Be4 29. Rxe4 Qxe4 30. Qc3 Qxb1+ 31. Kg2 Qe4+ 32. Kh3 Qd4 33. Qf3 Qd7+ 34. Kg2 Qb7 35. Ng6+ Ke8 36. Qxb7 Rxb7 37. Ne5 Rxb3 38. Nc6 Rdb8 39. Nxb8 Rxb8 40. Kf3 Rb4 41. Ke3 Rxa4 42. Kd3 Rb4 43. Kc3 Rb8 0-1

[Event "SVK-ch U10"]
[Site "Stara Lubovna"]
[Date "2021.07.01"]
[Round "7"]
[White "Kulich, Filip"]
[Black "Brnusak, Simon"]
[Result "1-0"]
[WhiteElo "1569"]
[BlackElo "1115"]
[PlyCount "55"]
[EventDate "2021.06.26"]
[EventType "swiss"]
[EventRounds "9"]
[EventCountry "SVK"]
[SourceTitle "CBM 203 Extra"]
[Source "ChessBase"]
[SourceDate "2021.09.30"]
[SourceVersion "1"]
[SourceVersionDate "2021.09.30"]
[SourceQuality "1"]

1. e4 c5 2. c3 Nc6 3. d4 cxd4 4. cxd4 e6 5. Nf3 d5 6. e5 g6 7. Nc3 Bg7 8. Nb5 Bf8 9. Bg5 Qb6 10. Rb1 a6 11. Nc3 Be7 12. Bxe7 Ngxe7 13. Bd3 0-0 14. Bc2 Bd7 15. a3 Rac8 16. 0-0 Nf5 17. Bxf5 exf5 18. Nxd5 Qd8 19. Nf6+ Kg7 20. Qd2 h6 21. d5 Na5 22. Nxd7 Nc4 23. Qd4 Re8 24. e6+ f6 25. Rbc1 Nd6 26. Rxc8 Nxc8 27. Rc1 Qe7 28. Rc7 1-0

[Event "SVK-ch U10"]
[Site "Stara Lubovna"]
[Date "2021.06.30"]
[Round "6"]
[White "Strapec, Tomas"]
[Black "Brnusak, Simon"]
[Result "0-1"]
[WhiteElo "1032"]
[BlackElo "1115"]
[PlyCount "68"]
[EventDate "2021.06.26"]
[EventType "swiss"]
[EventRounds "9"]
[EventCountry "SVK"]
[SourceTitle "CBM 203 Extra"]
[Source "ChessBase"]
[SourceDate "2021.09.30"]
[SourceVersion "1"]
[SourceVersionDate "2021.09.30"]
[SourceQuality "1"]

1. d4 d5 2. Bf4 Nc6 3. Nf3 e6 4. c3 Nf6 5. e3 Bd6 6. Bg3 0-0 7. Bd3 Bd7 8. Nbd2 Re8 9. Qc2 e5 10. Ng5 e4 11. Be2 h6 12. Bxd6 cxd6 13. Nh3 Bxh3 14. gxh3 Qd7 15. Bf1 Qf5 16. Nb3 Qf3 17. Rg1 Qh5 18. Qe2 Qf5 19. Bg2 a6 20. 0-0-0 Rac8 21. a3 Na7 22. f3 Nb5 23. Kd2 Qd7 24. Ke1 Qc7 25. fxe4 Nxe4 26. Bxe4 Rxe4 27. Qg2 g6 28. Qg3 Nxc3 29. Rd3 Ne2 30. Kxe2 Qc2+ 31. Ke1 Qxd3 32. Kf2 Rc2+ 33. Nd2 Rxd2+ 34. Ke1 Qe2# 0-1

[Event "SVK-ch U10"]
[Site "Stara Lubovna"]
[Date "2021.06.27"]
[Round "2"]
[White "Slivka, Martin"]
[Black "Brnusak, Simon"]
[Result "0-1"]
[WhiteElo "1000"]
[BlackElo "1115"]
[PlyCount "74"]
[EventDate "2021.06.26"]
[EventType "swiss"]
[EventRounds "9"]
[EventCountry "SVK"]
[SourceTitle "CBM 203 Extra"]
[Source "ChessBase"]
[SourceDate "2021.09.30"]
[SourceVersion "1"]
[SourceVersionDate "2021.09.30"]
[SourceQuality "1"]

1. e4 c5 2. Nf3 Nc6 3. Bc4 e6 4. Nc3 g6 5. d4 b6 6. d5 exd5 7. exd5 Nb4 8. Qe2+ Qe7 9. d6 Qxe2+ 10. Nxe2 Nxc2+ 11. Kd2 Nxa1 12. Kc3 Bg7+ 13. Kd3 Nf6 14. Re1 0-0 15. Bd2 Ng4 16. Rf1 Re8 17. Bd5 Ba6+ 18. Bc4 Bxc4+ 19. Kxc4 Nc2 20. Nf4 Be5 21. Kd5 Nb4+ 22. Kc4 Bxf4 23. Bxf4 Re4+ 24. Kc3 Rxf4 25. h3 Nf6 26. Re1 Re8 27. Rf1 Nfd5+ 28. Kb3 a5 29. a3 Na6 30. Rd1 a4+ 31. Kc2 Rc4+ 32. Kb1 Nf4 33. Nd2 Rd4 34. Ka2 Re2 35. Ra1 Rdxd2 36. Rb1 Nd5 37. g4 Nc3+ 0-1